Statistics for July 21st: Birthdays

Click here to take the quiz!

General Stats

  • This quiz has been taken 5 times
  • The average score is 3 of 7

Answer Stats

YearClueAnswer% Correct
1951Actor in JumanjiRobin Williams
100%
1948Artist of Peace TrainCat Stevens
60%
1946Investigated Bill Clinton
Ken Starr
60%
1899Won 1954 Nobel PrizeErnest Hemingway
40%
1911Wrote Medium is the MessageMarshall McLuhan
40%
1973Won Miss USAAli Landry
0%
1693British Prime MinisterThomas Pelham-Holles
0%

Score Distribution

Percentile by Number Answered

Percent of People with Each Score

Your Score History

You have not taken this quiz